ბათუმის შოთა რუსთაველის სახელმწიფო უნივერსიტეტის ბიბლიოთეკა

რჩეული. პოეზია, პროზა,წერილები. (ბიბ.ჩანაწერი № 48333)

000 -LEADER
fixed length control field 00856nam a2200205Ia 4500
001 - CONTROL NUMBER
control field 15221
003 - CONTROL NUMBER IDENTIFIER
control field GE_BSU
008 - FIXED-LENGTH DATA ELEMENTS--GENERAL INFORMATION
fixed length control field 181216s||||||||xx |||||||||||||| ||und||
040 ## - CATALOGING SOURCE
Transcribing agency GE_BSU
080 ## - UNIVERSAL DECIMAL CLASSIFICATION NUMBER
Universal Decimal Classification number 821.353.1-1+821.353.1-32
100 ## - MAIN ENTRY--PERSONAL NAME
Personal name შატბერაშვილი,გიორგი
245 ## - TITLE STATEMENT
Title რჩეული. პოეზია, პროზა,წერილები.
245 ## - TITLE STATEMENT
Statement of responsibility, etc. რედ.გრიგოლ აბაშიძე. შემდგ. გივი გეგეჭკორი. მხატვ. ლორეტა შენგელია
260 ## - PUBLICATION, DISTRIBUTION, ETC.
Place of publication, distribution, etc. თბილისი
260 ## - PUBLICATION, DISTRIBUTION, ETC.
Name of publisher, distributor, etc. საბჭოთა საქართველო
260 ## - PUBLICATION, DISTRIBUTION, ETC.
Date of publication, distribution, etc. 1982
300 ## - PHYSICAL DESCRIPTION
Extent 671გვ.1ფ.პორტრ.ილ.20სმ.
653 ## - INDEX TERM--UNCONTROLLED
Uncontrolled term პოეზია, პროზა,წერილები.
942 ## - ADDED ENTRY ELEMENTS (KOHA)
Koha item type წიგნი
ეგზემპლარები
Withdrawn status Lost status Damaged status Not for loan Date acquired Barcode Date last seen Price effective from Koha item type
        2018-12-17 38256 2018-12-17 2018-12-17 წიგნი
        2018-12-17 38257 2018-12-17 2018-12-17 წიგნი